[Event "Rheinland Pfalz op 13th"]
[Site "Engers"]
[Date "2023.06.08"]
[Round "2"]
[White "Zerfass, Otfried"]
[Black "Ollenberger, Roland"]
[Result "0-1"]
[WhiteElo "1888"]
[BlackElo "2280"]
[PlyCount "48"]
[EventDate "2023.06.08"]
[EventType "swiss"]
[EventRounds "7"]
[EventCountry "GER"]
[SourceTitle "CBM 214 Extra"]
[Source "ChessBase"]
[SourceDate "2023.07.31"]
[SourceVersion "1"]
[SourceVersionDate "2023.07.31"]
[SourceQuality "1"]

1. e4 c5 2. Nc3 Nc6 3. f4 e6 4. Nf3 d5 5. Bb5 Nf6 6. e5 Nd7 7. d4 a6 8. Bxc6 bxc6 9. 0-0 cxd4 10. Nxd4 c5 11. Nf3 g6 12. Kh1 Qb6 13. b3 Bg7 14. Na4 Qc6 15. Qe1 Bb7 16. Ba3 0-0 17. h4 f6 18. exf6 Rxf6 19. Bb2 d4 20. Bc1 Re8 21. Nb2 e5 22. Nc4 e4 23. Na5 Qc8 24. Nxb7 exf3 0-1

[Event "Blankenburg op-A 19th"]
[Site "Blankenburg"]
[Date "2014.10.03"]
[Round "3"]
[White "Michael, Dirk"]
[Black "Zerfass, Otfried"]
[Result "1-0"]
[WhiteElo "2069"]
[BlackElo "1893"]
[PlyCount "131"]
[EventDate "2014.10.02"]
[EventType "swiss"]
[EventRounds "7"]
[EventCountry "GER"]
[SourceTitle "EXT 2023"]
[Source "ChessBase"]
[SourceDate "2022.10.05"]
[SourceVersion "1"]
[SourceVersionDate "2022.10.05"]
[SourceQuality "1"]

1. c4 Nf6 2. Nf3 g6 3. b4 Bg7 4. Bb2 0-0 5. e3 d6 6. d4 Nbd7 7. Nbd2 Re8 8. Qc2 e5 9. Be2 c6 10. dxe5 dxe5 11. 0-0 Qc7 12. Bc3 Nf8 13. Qb2 Bg4 14. h3 Bxf3 15. Nxf3 Ne4 16. Be1 Rad8 17. c5 Ne6 18. Bc4 N6g5 19. Nh2 Qe7 20. f3 Nf6 21. Rc1 Nd5 22. Qb3 Kh8 23. h4 Ne6 24. Rd1 Ndc7 25. Bg3 Rxd1 26. Rxd1 Rd8 27. Ng4 f6 28. Rxd8+ Nxd8 29. Qd1 Nde6 30. Qd6 Qe8 31. Kf2 h5 32. Nh2 Bf8 33. Qd2 Qd8 34. Qc2 Kg7 35. Nf1 Nd5 36. Qb2 b6 37. cxb6 axb6 38. a3 c5 39. b5 Nec7 40. Nd2 Qd7 41. Ne4 Be7 42. Qd2 Qd8 43. a4 Kh6 44. f4 exf4 45. exf4 Kg7 46. Kg1 Qa8 47. Nf2 Nb4 48. f5 Ncd5 49. fxg6 Kxg6 50. Qe2 Qd8 51. Qe6 Bf8 52. Qg8+ Kh6 53. Qh8+ Kg6 54. Be2 Qe7 55. Bxh5+ Kf5 56. Bg4+ Kg6 57. Qh5+ Kg7 58. Bf5 Kg8 59. Ng4 Na2 60. Bh7+ Qxh7 61. Qxd5+ Qf7 62. Nxf6+ Kg7 63. Qf5 Kh8 64. Be5 Bg7 65. h5 Qc4 66. Ne8 1-0

[Event "Blankenburg op-A 18th"]
[Site "Blankenburg"]
[Date "2013.10.04"]
[Round "4"]
[White "Zerfass, Otfried"]
[Black "Perkampus, Lars"]
[Result "1-0"]
[WhiteElo "1913"]
[BlackElo "1975"]
[PlyCount "65"]
[EventDate "2013.10.03"]
[EventType "swiss"]
[EventRounds "7"]
[EventCountry "GER"]
[SourceTitle "EXT 2015"]
[Source "ChessBase"]
[SourceDate "2014.11.20"]
[SourceVersion "1"]
[SourceVersionDate "2014.11.20"]
[SourceQuality "1"]

1. e4 c6 2. d4 d5 3. exd5 cxd5 4. Bd3 Nc6 5. c3 Nf6 6. Bf4 e6 7. Nf3 Bd6 8. Ne5 Bxe5 9. dxe5 Nd7 10. Qe2 a6 11. Nd2 b5 12. 0-0 Bb7 13. Nf3 h6 14. Rfe1 Qe7 15. Rad1 g5 16. Bg3 Nc5 17. Bb1 0-0-0 18. Nd4 h5 19. h3 Rdg8 20. f4 h4 21. Bh2 f5 22. exf6 Qxf6 23. Nxe6 gxf4 24. Nxc5 f3 25. Qe6+ Qxe6 26. Rxe6 Rxg2+ 27. Kh1 Nd8 28. Re7 Rxh2+ 29. Kxh2 Rg8 30. Nxb7 Rg2+ 31. Kh1 Nxb7 32. Bf5+ Kb8 33. Bg4 1-0

[Event "Blankenburg op 17th"]
[Site "Blankenburg"]
[Date "2009.10.05"]
[Round "5"]
[White "Fleischmann, Torsten"]
[Black "Zerfass, Otfried"]
[Result "0-1"]
[WhiteElo "1891"]
[BlackElo "2009"]
[PlyCount "60"]
[EventDate "2009.10.02"]
[EventType "swiss"]
[EventRounds "7"]
[EventCountry "GER"]
[SourceTitle "CBM 132 Extra"]
[Source "ChessBase"]
[SourceDate "2009.11.03"]
[SourceVersion "1"]
[SourceVersionDate "2009.11.03"]
[SourceQuality "1"]

1. d4 Nf6 2. c4 Nc6 3. Nc3 e5 4. d5 Ne7 5. Nf3 Ng6 6. e3 Bb4 7. Bd2 0-0 8. Qc2 d6 9. a3 Bxc3 10. Bxc3 Bg4 11. Nd2 Qe7 12. f3 Bd7 13. Bd3 c6 14. Bxg6 hxg6 15. e4 cxd5 16. cxd5 Nh5 17. 0-0 Bb5 18. Rf2 Nf4 19. a4 Bd3 20. Qb3 Ne2+ 21. Kh1 Qh4 22. Raf1 Ng3+ 23. Kg1 Nxf1 24. Nxf1 Bxf1 25. Rxf1 Qe7 26. a5 Rac8 27. Bb4 Qc7 28. Bc3 Qc5+ 29. Kh1 Qc4 30. Qxb7 Qxf1# 0-1

[Event "Blankenburg op 17th"]
[Site "Blankenburg"]
[Date "2009.10.05"]
[Round "6"]
[White "Zerfass, Otfried"]
[Black "Perkampus, Lars"]
[Result "1/2-1/2"]
[WhiteElo "2009"]
[BlackElo "1984"]
[PlyCount "118"]
[EventDate "2009.10.02"]
[EventType "swiss"]
[EventRounds "7"]
[EventCountry "GER"]
[SourceTitle "CBM 132 Extra"]
[Source "ChessBase"]
[SourceDate "2009.11.03"]
[SourceVersion "1"]
[SourceVersionDate "2009.11.03"]
[SourceQuality "1"]

1. e4 c6 2. d3 d5 3. Nd2 e5 4. Ngf3 Bd6 5. g3 Nf6 6. Bg2 0-0 7. 0-0 Bg4 8. h3 Bxf3 9. Qxf3 dxe4 10. dxe4 Nbd7 11. Nc4 Bc7 12. Rd1 Qe7 13. Ne3 Qe6 14. Nf5 Nc5 15. Qe2 Rad8 16. Bg5 Rxd1+ 17. Rxd1 Rd8 18. Rxd8+ Bxd8 19. Qe3 Ncxe4 20. Nxg7 Kxg7 21. Bxe4 Qxh3 22. Bg2 Qf5 23. Bh6+ Kg6 24. Bf8 Ng4 25. Qe2 Nf6 26. Qd2 Ng4 27. Bh3 Bg5 28. Qe2 h5 29. f3 Be3+ 30. Kg2 Kg5 31. Bxg4 hxg4 32. Qxe3+ Kf6 33. Qh6+ Qg6 34. Bg7+ Ke6 35. Qxg6+ fxg6 36. fxg4 Kd5 37. Kf2 c5 38. Ke3 c4 39. b3 cxb3 40. axb3 b5 41. c4+ bxc4 42. bxc4+ Kxc4 43. Ke4 a5 44. Bxe5 a4 45. Kf4 Kd3 46. Kg5 Ke4 47. Ba1 Kf3 48. Kh4 a3 49. Bd4 a2 50. Ba1 Ke4 51. Kg5 Kf3 52. Kh4 Ke4 53. g5 Kf5 54. Bf6 Ke4 55. Kg4 Ke3 56. Kh3 Kf2 57. Bd4+ Kf3 58. Kh2 Ke4 59. Ba1 Kf3 1/2-1/2

[Event "Blankenburg op-A 16th"]
[Site "Blankenburg"]
[Date "2008.10.07"]
[Round "7"]
[White "Zerfass, Otfried"]
[Black "Walther, Joachim"]
[Result "1-0"]
[WhiteElo "2031"]
[BlackElo "1748"]
[PlyCount "111"]
[EventDate "2008.10.03"]
[EventType "swiss"]
[EventRounds "7"]
[EventCountry "GER"]
[SourceTitle "EXT 2015"]
[Source "ChessBase"]
[SourceDate "2014.11.20"]
[SourceVersion "1"]
[SourceVersionDate "2014.11.20"]
[SourceQuality "1"]

1. e4 c5 2. Nc3 Nc6 3. Bb5 g6 4. Bxc6 bxc6 5. d3 Bg7 6. f4 d6 7. Nf3 e6 8. 0-0 Qc7 9. Qe1 Rb8 10. b3 Ne7 11. Bd2 0-0 12. e5 Nd5 13. exd6 Qxd6 14. Ne4 Qc7 15. Rc1 Bd4+ 16. Kh1 Bb2 17. Rb1 Bg7 18. Qh4 Qd8 19. Qxd8 Rxd8 20. Ne5 Ne7 21. Be3 f5 22. Nxc5 Bxe5 23. fxe5 Nd5 24. Bd2 Nb4 25. Bxb4 Rxb4 26. c3 Rb6 27. d4 Kf7 28. Rf2 a5 29. Re1 Ke7 30. Re3 Rb5 31. h3 h5 32. Rg3 Rg8 33. Rg5 Rb6 34. g4 hxg4 35. hxg4 Rh8+ 36. Kg1 Rh6 37. Kg2 Rb8 38. Kg3 Bd7 39. c4 Rbh8 40. gxf5 exf5 41. Nxd7 Kxd7 42. d5 cxd5 43. cxd5 Rh3+ 44. Kg2 Rh2+ 45. Kf3 R8h3+ 46. Rg3 Rxg3+ 47. Kxg3 Rh1 48. Rd2 Re1 49. e6+ Kd6 50. Kf4 Rg1 51. Kf3 Rh1 52. Kf4 Rg1 53. Re2 Rg4+ 54. Kf3 Ke7 55. d6+ Ke8 56. Rh2 1-0

[Event "Blankenburg op-A 16th"]
[Site "Blankenburg"]
[Date "2008.10.06"]
[Round "6"]
[White "Rothe, Guido"]
[Black "Zerfass, Otfried"]
[Result "1-0"]
[WhiteElo "2225"]
[BlackElo "2031"]
[PlyCount "69"]
[EventDate "2008.10.03"]
[EventType "swiss"]
[EventRounds "7"]
[EventCountry "GER"]
[SourceTitle "EXT 2015"]
[Source "ChessBase"]
[SourceDate "2014.11.20"]
[SourceVersion "1"]
[SourceVersionDate "2014.11.20"]
[SourceQuality "1"]

1. e4 c5 2. Nf3 Nc6 3. d4 cxd4 4. Nxd4 g6 5. c4 Bg7 6. Be3 Nf6 7. Nc3 0-0 8. Be2 d6 9. 0-0 Bd7 10. f3 Nxd4 11. Bxd4 Bc6 12. Qd2 a5 13. Rad1 Nd7 14. Be3 Nc5 15. Qc2 Qb6 16. Nb5 Rfc8 17. f4 Qa6 18. e5 Be4 19. Qc3 dxe5 20. fxe5 Qc6 21. Rf2 b6 22. Bd4 Rf8 23. Qe3 Rad8 24. Nc3 Bf5 25. Nd5 Rd7 26. Bf3 Qe6 27. h3 h5 28. b3 Rdd8 29. Rfd2 Kh8 30. Qf4 Rb8 31. g4 hxg4 32. hxg4 Nd7 33. gxf5 gxf5 34. Nc7 Bxe5 35. Nxe6 1-0

[Event "Blankenburg op-A 13th"]
[Site "Blankenburg"]
[Date "2005.10.04"]
[Round "7"]
[White "Zerfass, Otfried"]
[Black "Schubert, Hartmut"]
[Result "1-0"]
[WhiteElo "2044"]
[BlackElo "1939"]
[PlyCount "59"]
[EventDate "2005.09.30"]
[EventType "swiss"]
[EventRounds "7"]
[EventCountry "GER"]
[SourceTitle "EXT 2007"]
[Source "ChessBase"]
[SourceDate "2006.11.23"]
[SourceVersion "1"]
[SourceVersionDate "2006.11.23"]
[SourceQuality "1"]

1. e4 g6 2. d4 Bg7 3. Nc3 c6 4. Be2 d5 5. e5 Nh6 6. h4 c5 7. h5 Nf5 8. h6 Bf8 9. dxc5 e6 10. g4 Ne7 11. Nb5 Kd7 12. c4 Nec6 13. cxd5 exd5 14. Qxd5+ Ke8 15. Nd6+ Bxd6 16. exd6 Be6 17. Qe4 Qa5+ 18. Bd2 Qxc5 19. Bc3 Rg8 20. Rd1 Kd7 21. Rh3 Bxa2 22. Re3 Na6 23. Qa4 Be6 24. Bxa6 bxa6 25. Qxa6 Rgb8 26. Qe2 Re8 27. Qf3 Qc4 28. Rd4 Nxd4 29. Qb7+ Kxd6 30. Bb4+ 1-0

[Event "Blankenburg op-A 13th"]
[Site "Blankenburg"]
[Date "2005.10.02"]
[Round "4"]
[White "Reichel, Matti"]
[Black "Zerfass, Otfried"]
[Result "1/2-1/2"]
[WhiteElo "1727"]
[BlackElo "2044"]
[PlyCount "75"]
[EventDate "2005.09.30"]
[EventType "swiss"]
[EventRounds "7"]
[EventCountry "GER"]
[SourceTitle "EXT 2007"]
[Source "ChessBase"]
[SourceDate "2006.11.23"]
[SourceVersion "1"]
[SourceVersionDate "2006.11.23"]
[SourceQuality "1"]

1. e4 g6 2. g3 Bg7 3. Bg2 d6 4. f4 Nf6 5. d3 0-0 6. Nf3 Nc6 7. 0-0 Rb8 8. c3 b5 9. Be3 Ng4 10. Bd2 b4 11. h3 Nh6 12. Qc2 a5 13. Be3 Ba6 14. Nbd2 Qd7 15. Rfd1 Kh8 16. Nb3 Ng8 17. Nbd4 Nxd4 18. Bxd4 Nf6 19. e5 Nh5 20. Kh2 f6 21. Re1 fxe5 22. fxe5 e6 23. Rad1 Bb7 24. Qe2 Rbe8 25. exd6 cxd6 26. Bxg7+ Kxg7 27. c4 e5 28. Nd2 Bxg2 29. Qxg2 Rf7 30. Rf1 Ref8 31. b3 Nf6 32. Rde1 Re8 33. Ne4 h6 34. Nxf6 Rxf6 35. Rxf6 Kxf6 36. Rf1+ Kg7 37. Qd5 Qc7 38. Qb5 1/2-1/2